Представление документа в формате MARC21

Поле Инд. ПП Название Значение
Тип записи a
Библиографический уровень m
001 Контрольный номер RU\USATU\books\214562
005 Дата корректировки 20150513112020.6
020 a ISBN 978-5-8114-0754-5 (т. 2)
a ISBN 978-5-8114-0752-1 (общ.)
040 c Служба, преобразующая запись USATU
d Организация, изменившая запись НБ ТвГУ
041 a Код языка текста rus
044 a Код страны публикации RU
080 a Индекс УДК 53(075.8)
080 a Индекс УДК 537(075.8)
084 a Индекс другой классификации/Индекс ББК В3я73-1
a Индекс другой классификации/Индекс ББК В33я73-1
090 a Полочн. индекс В3
x Авторский знак З-64
100 a Автор Зисман Гирш Абрамович
d Дата 1912-1981
q Полное имя Зисман Г. А.
245 a Заглавие Курс общей физики
n Номер части/ раздела Т. 2
b Продолж. заглавия учебное пособие для студентов вузов, обучающихся по техническим, естественнонаучным и педагогическим направлениям и специальностям
p Название части/ раздела Электричество и магнетизм
o A course in general physics
250 a Основные сведения об издании Изд. 7-е, стер.
260 a Место издания Санкт-Петербург [и др.]
c Дата издания 2007
b Издательство Лань
300 a Объем 352 с.
b Иллюстрации/ тип воспроизводства ил.
c Размеры 21 см
440 a Серия Классическая учебная литература по физике
440 _0 a Серия Лучшие классические учебники
440 _0 a Серия Знание. Уверенность. Успех!
440 _0 a Серия Учебники для вузов. Специальная литература
504 a Библиография Предм. указ.: с. 350-352
520 a Аннотация Материал известного трехтомного "Курса общей физики" построен с учетом особенностей преподавания физики в вузах и университетах, осуществляющих подготовку по естественнонаучным, техническим и педагогическим направлениям. Выводы и доказательства приведены на примерах с простейшей геометрией, для симметричных контуров и полей. В ряде случаев обобщения приведенных доказательств базируются на чисто физических соображениях, более важных для усвоения, чем громоздкие математические выводы. Второй том содержит учение об электричестве. В нем излагаются электростатика, законы постоянного тока, электромагнетизм и электромагнитные волны, основные сведения об электрических свойствах различного рода веществ, некоторые важные для приложеений вопросы электроники. Учебное пособие предназначено для студентов высших учебных заведений, обучающихся по техническим, естественнонаучным и педагогическим специальностям.
650 a Основная рубрика Физика
x Основная подрубрика Учебники для вузов
650 14 a Основная рубрика Электричество
650 14 a Основная рубрика Магнетизм
653 a Ключевые слова Магнетизм
a Ключевые слова Физика
a Ключевые слова Электричество
700 a Другие авторы Тодес Оскар Мовшевич
d Дата 1911-1989
q Полное имя Тодес, О. М.
910 a гриф есть**
920 a Оператор Стру
930 a Новая/Ретро учебники
940 a физико-технический
d общая физика
952 c Вид литературы К ру
954 a Дата поступления на обработку 20091125
990 a Автор заказа (DOS) каф. общей физики
b Заказано (DOS) 5